STRUCTURAL ANALYSIS (Record no. 18291)

MARC details
000 -LEADER
fixed length control field 00336nam a22001577a 4500
003 - CONTROL NUMBER IDENTIFIER
control field SGT
020 ## - INTERNATIONAL STANDARD BOOK NUMBER
International Standard Book Number 9788175156364
082 ## - DEWEY DECIMAL CLASSIFICATION NUMBER
Classification number 624.17,PRA
100 ## - MAIN ENTRY--PERSONAL NAME
Personal name PRASAD,V.S
245 ## - TITLE STATEMENT
Title STRUCTURAL ANALYSIS
250 ## - EDITION STATEMENT
Edition statement 3RD
260 ## - PUBLICATION, DISTRIBUTION, ETC. (IMPRINT)
Place of publication, distribution, etc NEW DELHI
Name of publisher, distributor, etc GALGOTIA
Year of Publication 2015
300 ## - PAGE DESCRIPTION
No. of Pages 546
650 ## - SUBJECT ADDED ENTRY--TOPICAL TERM
Topical term or geographic name as entry element CIVIL ENGINEERING
942 ## - ADDED ENTRY ELEMENTS (KOHA)
Source of classification or shelving scheme Dewey Decimal Classification
Koha item type Books
942 ## - ADDED ENTRY ELEMENTS (KOHA)
-- 4
Holdings
Withdrawn status Lost status Source of classification or shelving scheme Damaged status Not for loan Collection code Home library Current library Shelving location Date acquired Vendor Name Cost, normal purchase price SGTU Bill Number Total Checkouts Full call number Accession No. (Barcode) Date last seen Date last borrowed Bill Date Koha item type Total Renewals
    Dewey Decimal Classification     ENGINEERING SGT Engineering Library SGT Engineering Library Text Book 14/06/2019 KIRTI PRKASHAN 280.00 SGTU IN3435 4 624.17,PRA FE7182 01/02/2021 12/03/2020 29/03/2019 Books  
    Dewey Decimal Classification     ENGINEERING SGT Engineering Library SGT Engineering Library Text Book 14/06/2019 KIRTI PRKASHAN 280.00 SGTU IN3435   624.17,PRA FE7183 14/06/2019   29/03/2019 Books  
    Dewey Decimal Classification     ENGINEERING SGT Engineering Library SGT Engineering Library Text Book 14/06/2019 KIRTI PRKASHAN 280.00 SGTU IN3435   624.17,PRA FE7184 14/06/2019   29/03/2019 Books  
    Dewey Decimal Classification     ENGINEERING SGT Engineering Library SGT Engineering Library Text Book 14/06/2019 KIRTI PRKASHAN 280.00 SGTU IN3435 2 624.17,PRA FE7185 15/02/2021 05/03/2020 29/03/2019 Books  
    Dewey Decimal Classification     ENGINEERING SGT Engineering Library SGT Engineering Library Text Book 14/06/2019 KIRTI PRKASHAN 280.00 SGTU IN3435   624.17,PRA FE7186 14/06/2019   29/03/2019 Books  
    Dewey Decimal Classification     ENGINEERING SGT Engineering Library SGT Engineering Library Text Book 14/06/2019 KIRTI PRKASHAN 280.00 SGTU IN3435 4 624.17,PRA FE7187 23/03/2021 10/03/2021 29/03/2019 Books  
    Dewey Decimal Classification     ENGINEERING SGT Engineering Library SGT Engineering Library Text Book 14/06/2019 KIRTI PRKASHAN 280.00 SGTU IN3435   624.17,PRA FE7188 14/06/2019   29/03/2019 Books  
    Dewey Decimal Classification     ENGINEERING SGT Engineering Library SGT Engineering Library Text Book 14/06/2019 KIRTI PRKASHAN 280.00 SGTU IN3435 8 624.17,PRA FE7189 14/03/2024 14/03/2024 29/03/2019 Books 1
    Dewey Decimal Classification     ENGINEERING SGT Engineering Library SGT Engineering Library Text Book 14/06/2019 KIRTI PRKASHAN 280.00 SGTU IN3435 5 624.17,PRA FE7190 05/12/2020 04/03/2020 29/03/2019 Books 1
    Dewey Decimal Classification     ENGINEERING SGT Engineering Library SGT Engineering Library Text Book 14/06/2019 KIRTI PRKASHAN 280.00 SGTU IN3435   624.17,PRA FE7181 14/06/2019   29/03/2019 Books